[Event "SVK-chT1E 1516"]
[Site "Slovakia"]
[Date "2015.10.25"]
[Round "2.6"]
[White "Veselovsky, Jan"]
[Black "Kovac, Michal"]
[Result "1/2-1/2"]
[WhiteElo "2031"]
[BlackElo "2069"]
[PlyCount "47"]
[EventDate "2015.10.24"]
[EventType "team-tourn"]
[EventRounds "11"]
[EventCountry "SVK"]
[SourceTitle "CBM 169 Extra"]
[Source "ChessBase"]
[SourceDate "2015.12.18"]
[SourceVersion "1"]
[SourceVersionDate "2015.12.18"]
[SourceQuality "1"]
[WhiteTeam "Bardejov"]
[BlackTeam "Spisska Nova Ves"]
[WhiteTeamCountry "SVK"]
[BlackTeamCountry "SVK"]

1. e4 d5 2. exd5 Qxd5 3. Nc3 Qa5 4. d4 Nf6 5. Bc4 Bg4 6. f3 Bh5 7. Nge2 c6 8. 0-0 e6 9. Re1 Nbd7 10. Nf4 0-0-0 11. Qe2 Bd6 12. a3 Nb6 13. Bd3 Nbd5 14. Ncxd5 exd5 15. Bd2 Qc7 16. g3 Bg6 17. b4 Rde8 18. Qf2 Rxe1+ 19. Rxe1 Re8 20. Rxe8+ Nxe8 21. Nxg6 hxg6 22. Qe1 Qe7 23. Qxe7 Bxe7 24. Kf2 1/2-1/2